Towards a federal republic of the Philippines with a parliamentary government: (Record no. 5273)
[ view plain ]
| 000 -LEADER | |
|---|---|
| fixed length control field | 00966nam a22002417a 4500 |
| 008 - FIXED-LENGTH DATA ELEMENTS--GENERAL INFORMATION | |
| fixed length control field | 161015b xxu||||| |||| 00| 0 eng d |
| 020 ## - INTERNATIONAL STANDARD BOOK NUMBER | |
| International Standard Book Number | 9719254319 |
| 082 ## - DEWEY DECIMAL CLASSIFICATION NUMBER | |
| Edition number | 2002 |
| Classification number | DFil 342.03 |
| Item number | T65 |
| 100 ## - MAIN ENTRY--PERSONAL NAME | |
| 9 (RLIN) | 16328 |
| Personal name | Abueva, Jose V. |
| 245 ## - TITLE STATEMENT | |
| Title | Towards a federal republic of the Philippines with a parliamentary government: |
| Remainder of title | a reader/ |
| Statement of responsibility, etc. | Jose V. Abueva...[and 4 others]. |
| 260 ## - PUBLICATION, DISTRIBUTION, ETC. (IMPRINT) | |
| Place of publication, distribution, etc. | Marikina City: |
| Name of publisher, distributor, etc. | Center for Social Policy and Governance, Kalayaan College, |
| Date of publication, distribution, etc. | c2002. |
| 300 ## - PHYSICAL DESCRIPTION | |
| Extent | i, 353 pages; |
| Dimensions | 26 cm. |
| 500 ## - GENERAL NOTE | |
| General note | Includes bibliographical references and index. |
| 650 #0 - SUBJECT ADDED ENTRY--TOPICAL TERM | |
| 9 (RLIN) | 16329 |
| Topical term or geographic name as entry element | Constitutional law |
| Geographic subdivision | Philippines. |
| 650 #0 - SUBJECT ADDED ENTRY--TOPICAL TERM | |
| 9 (RLIN) | 16330 |
| Topical term or geographic name as entry element | Federal government |
| Geographic subdivision | Philippines. |
| 650 #0 - SUBJECT ADDED ENTRY--TOPICAL TERM | |
| 9 (RLIN) | 16331 |
| Topical term or geographic name as entry element | Law reform |
| Geographic subdivision | Philippines. |
| 700 ## - ADDED ENTRY--PERSONAL NAME | |
| 9 (RLIN) | 16332 |
| Personal name | Teves, Rey M. |
| Relator term | Editor |
| 700 ## - ADDED ENTRY--PERSONAL NAME | |
| 9 (RLIN) | 16333 |
| Personal name | SosmeƱa, Gaudioso C. |
| Relator term | Editor |
| 700 ## - ADDED ENTRY--PERSONAL NAME | |
| 9 (RLIN) | 16334 |
| Personal name | Carlos, Clarita R. |
| Relator term | Editor |
| 700 ## - ADDED ENTRY--PERSONAL NAME | |
| 9 (RLIN) | 16335 |
| Personal name | Mastura, Michael O. |
| Relator term | Editor |
| 365 ## - TRADE PRICE | |
| Price amount | 352.00 |
| Currency code | Php. |
| 942 ## - ADDED ENTRY ELEMENTS (KOHA) | |
| Source of classification or shelving scheme | Dewey Decimal Classification |
| Koha item type | Filipiniana |
| Withdrawn status | Lost status | Source of classification or shelving scheme | Damaged status | Not for loan | Collection code | Home library | Current library | Date acquired | Source of acquisition | Total Checkouts | Full call number | Barcode | Date last seen | Date last checked out | Copy number | Cost, replacement price | Price effective from | Koha item type |
|---|---|---|---|---|---|---|---|---|---|---|---|---|---|---|---|---|---|---|
| Dewey Decimal Classification | Filipiniana | UM Digos College - LIC | UM Digos College - LIC | 09/09/2004 | Purchased | 2 | DFil 342.03 T65 2002 | 17737 | 05/15/2025 | 07/31/2018 | 1 | 352.00 | 10/15/2016 | Filipiniana | ||||
| Dewey Decimal Classification | Filipiniana | UM Digos College - LIC | UM Digos College - LIC | 09/09/2004 | Purchased | DFil 342.03 T65 2002 | 17738 | 05/15/2025 | 2 | 352.00 | 10/15/2016 | Filipiniana | ||||||
| Dewey Decimal Classification | Filipiniana | UM Digos College - LIC | UM Digos College - LIC | 09/09/2004 | Purchased | DFil 342.03 T65 2002 | 17739 | 05/15/2025 | 3 | 352.00 | 10/15/2016 | Filipiniana |
